Carta de suelos de la República Argentina hoja 3560-16, Suipacha /

Guardado en:
Autor Corporativo: Instituto Nacional de Tecnología Agropecuaria (Argentina). Centro de Investigación de Recursos Naturales.
Formato: Mapa
Idioma:Undetermined
Publicado: Buenos Aires : INTA, 1981.
Materias:
Etiquetas: Agregar Etiqueta
Sin Etiquetas, Sea el primero en etiquetar este registro!
LEADER 00931nem a22001695a 4500
001 EEA.libagro010184
005 20190510111737.0
008 141015s1981####ag########a#####1###und#d
082 0 4 |a 631.4782 
110 2 |a Instituto Nacional de Tecnología Agropecuaria (Argentina).  |b Centro de Investigación de Recursos Naturales. 
245 1 0 |a Carta de suelos de la República Argentina  |h [material cartográfico] :  |b hoja 3560-16, Suipacha /  |c Instituto Nacional de Tecnología Agropecuaria, [Centro de Investigación de Recursos Naturales, Unidad de Reconocimiento de Suelos]. 
255 |a Escala 1:50.000 
260 |a Buenos Aires :  |b INTA,  |c 1981. 
300 |a 69 p. :  |b il. ;  |c 28 cm. +  |e 4 fotocartas pleg. en sobre. 
505 0 |a Hoja 3560-16-1 Estación Román Báez -- Hoja 3560-16-2 Suipacha -- Hoja 3560-16-3 Gorostiaga -- Hoja 3560-16-4 Juan J. Almeyra. 
651 7 |a Argentina 
859 |a AR-BbBCA  |b BIB. AGRONOMIA  |h 631.4782  |i A691 3560-16  |p 1988/1120